Countries in FIBA World Cup 1994 - Statistics

General Stats
  • This quiz has been taken 11 times
  • The average score is 14 of 16
Answer Stats
Rank Country % Correct
9th Place Argentina
100%
5th Place Australia
100%
11th Place Brazil
100%
Host (7th Place’ Canada
100%
12th Place Germany
100%
Runners-Up (2nd Place) Russia
100%
10th Place Spain
100%
Champions (1st Place) United States
100%
13th Place South Korea
89%
8th Place China
78%
3rd Place Croatia
78%
15th Place Cuba
78%
4th Place Greece
78%
6th Place Puerto Rico
78%
16th Place Angola
56%
14th Place Egypt
56%
No matching quizzes found
Score Distribution
Percent of People with Each Score
Percentile by Number Answered
Your Score History
You have not taken this quiz